Länder, die Finnland am meisten besuchen - Statistiken

Allgemein
  • Dieses Quiz wurde 79 mal gespielt
  • Das Durchschnittsergebnis liegt bei 18 aus 20
Antwortstatistiken
Platz Touristenankünfte Land % Korrekt
🥈 ~620.000 Deutschland
100%
11. ~200.000 Norwegen
100%
🥉 ~600.000 Schweden
100%
16. ~110.000 Dänemark
99%
🥇 ~800.000 Russland
99%
13. ~160.000 Spanien
99%
14. ~160.000 Italien
97%
7. ~270.000 Vereinigte Staaten
97%
5. ~400.000 China
96%
6. ~280.000 Frankreich
94%
15. ~120.000 Polen
94%
4. ~590.000 Vereinigtes Königreich
94%
10. ~220.000 Estland
91%
8. ~240.000 Japan
91%
9. ~230.000 Niederlande
88%
20. ~70.000 Belgien
85%
19. ~70.000 Österreich
82%
12. ~170.000 Schweiz
82%
17. ~80.000 Australien
72%
18. ~80.000 Indien
63%
Keine übereinstimmenden Quizze gefunden
Verteilung der Resultate
Anzahl Personen mit jedem Resultat
Perzentil nach korrekt beantworteten Fragen
Ihre Resultats-Entwicklung
Sie haben dieses Quiz noch nicht gespielt